Digital innovation- a transformative tool for economic growth / (Record no. 169464)

MARC details
000 -LEADER
fixed length control field 00798nam a22002297a 4500
005 - DATE AND TIME OF LATEST TRANSACTION
control field 20191121114608.0
010 ## - LCCN (DPL NO)
LC control number ENG-126952
020 ## - INTERNATIONAL STANDARD BOOK NUMBER
International Standard Book Number 9789389146820
Terms of availability 500.00
035 ## - SYSTEM CONTROL NUMBER
System control number EN-110484
037 ## - SOURCE OF ACQUISITION
Source of stock number/acquisition DBAD/PUB
082 ## - DEWEY DECIMAL CLASSIFICATION NUMBER
Classification number 330.9
245 ## - TITLE STATEMENT
Title Digital innovation- a transformative tool for economic growth /
Statement of responsibility, etc ed. by P. Maria Sahaya Rossiyana...[et al]
260 ## - PUBLICATION, DISTRIBUTION, ETC. (IMPRINT)
Place of publication, distribution, etc Madurai
Name of publisher, distributor, etc Shanlax Publications
Date of publication, distribution, etc 2019
270 ## - ADDRESS
Address 61,66 T.P.K. Main road, Vasantha Nagar, Tamilnadu, India
City Madurai
Postal code 625003
Electronic mail address publisher@shanlaxpublications.com
300 ## - PHYSICAL DESCRIPTION
Extent 221p.
Dimensions 24cm(pbk)
500 ## - GENERAL NOTE
General note Includes bibliographical references
700 ## - ADDED ENTRY--PERSONAL NAME
Personal name Rossiyana, P. Maria Sahaya
700 ## - ADDED ENTRY--PERSONAL NAME
Personal name Sony, O.
700 ## - ADDED ENTRY--PERSONAL NAME
Personal name Priyanka, T.
700 ## - ADDED ENTRY--PERSONAL NAME
Personal name Regi, S. Bulomine
942 ## - ADDED ENTRY ELEMENTS (KOHA)
Source of classification or shelving scheme Dewey Decimal Classification
Item type English Books
Classification part 330.9
Call number suffix DIG
Holdings
Withdrawn status Lost status Not for loan Collection code Home library Current library Date acquired Source of acquisition Cost, normal purchase price Full call number Barcode Copy number Cost, replacement price Koha item type
      Non-fiction Sarojini Nagar Sarojini Nagar 21/11/2019 DBAD/PUB 500.00 330.9 DIG EN-110484 1 500.00 English Books

© Delhi Public Library
Hit Counter
free hit counter